MDQL
is popping MORE tags! Check the
thread
!
Quizzes
Events
Quiz Creation
Community
Videos
Private Events
Remove Ads
Sign In
Join for FREE
Feedback
Dark Mode
Quiz Categories
Sports
Geography
Music
Movies
Television
Just For Fun
Miscellaneous
History
Literature
Language
Science
Gaming
Entertainment
Religion
Holiday
For Kids
Quiz Lab
Recent
Popular Today
Quiz Kudos Today
Editor Picks
Curator Picks
Quizzes by...
Day
Popularity
Type
Ratings
Length
Year
Community
Subscriptions
Recent Discussions
Orange Saloon
Badges
Playlists
Quests
Create
Leaderboards
Showdown
Live 5
Trivia Bingo
Activity
Puzzle Library
Sporcle Events
Private Events
Virtual Trivia
Globe League
Become a Host
Pub Owners
SporcleCon
Opinionation
Our Games
Videos
Blog
Mobile Apps
Partnerships
Remove Ads and Go Orange
Feedback
Just For Fun
Clickable
Get the Picture
Humor
Quick Pick
Word Ladder
Missing Word
Mixed Word
Blitz
Minefield
This or That
Alphabet
Color
Typing
Sporcle
Puzzle
Word Play
Follow That Line
Logic
Just For Fun
Clickable
Get the Picture
Humor
Quick Pick
Word Ladder
Missing Word
Mixed Word
Blitz
Minefield
This or That
Alphabet
Color
Typing
Sporcle
Puzzle
Word Play
Follow That Line
Logic
Random Quiz
Search Sporcle
×
Quiz Lab
Quiz Lab
Just For Fun
Word Ladder
Type in answers that appear in a list
Type in answers that appear in a list
Classic
Best Score? Go Orange.
Word Ladder: M Words Stats
Can you name the words in this word ladder which all start with 'M'?
By
Chenchilla
4m
30 Questions
117 Plays
117 Plays
117 Plays
Comments
Comments
Give Quiz Kudos
Give Quiz Kudos
-
- Ratings
hide this ad
Replay
Link that replays current quiz
Next Quiz
Link to next quiz in quiz playlist
You Got
0%
They Got
Avg Score
80%
Avg Friend Score
Upgrade to see
Score Distribution
Jump to the score distribution portion of the page
Score
0/30
Timer
04:00
0
Plays Today
Hint
Answer
% Correct
Not nice
Mean
92.3%
Majority of
Most
91.5%
Vegetarian's nightmare
Meat
90.6%
5280 Feet
Mile
88.9%
Low, audible groan
Moan
88.9%
Small, green plant that grows on rocks, trees, etc.
Moss
86.3%
Burrowing insectivore (shrew, vole)
Mole
86.3%
Change of state from solid to liquid
Melt
86.3%
To shed hair or feathers
Molt
86.3%
A long pole erected in the center of a ship to support rigging
Mast
85.5%
Barley used in brewing and distilling
Malt
85.5%
Waterway surrounding castles
Moat
85.5%
To crush or smash
Mash
83.8%
Plural Female Parents
Moms
83.8%
Don't hit this in a minefield quiz!
Mine
83.8%
Hint
Answer
% Correct
Small version
Mini
83.8%
Hit and _
_
_
_
Engine
Miss
80.3%
White beverage
Milk
80.3%
One of two weapons, either a spray can, or a spiked ball
Mace
80.3%
To become acquainted of
Meet
80.3%
Very small particles of water
Mist
78.6%
Nickname for Michael
Mick
78.6%
Spouse
Mate
77.8%
Thick porridge; or something spongy and soft
Mush
77.8%
Be commanded or requested to; being required
Must
76.1%
Variant of Mac
Mack
74.4%
Fool; Blockhead
Mome
69.2%
Sporcle Admin
Matt
67.5%
Name of atoll in Marshall Islands; or 1975 Bollywood romance
Mili
63.2%
Easter Island Statues
Moai
41.9%
Quiz Playlist
Details
Report
Send in Message
Add To Playlist
Classic:
Type in answers that appear in a list
Quiz Source
Last Updated: Feb 16, 2017
Quiz Scoreboard
CHALLENGE
Sign Up to Join the Scoreboard
Show All
Scores
Hide
Comments
May contain spoilers
Recently Published
Image Sorting: Flags VI
by Barbecue
Geography
2m
Find the 'City' Movie
by crazypaving
Movies
60s
Colored Red Africa Blitz
by spor1
Geography
45s
More to Explore
Quiz From the Vault
Featured Blog Post
14 Easter Pick-up Lines to Find Eggs With
hide this ad
You Might Also Like...
Tags
Word Ladder Quiz
4-letter
Letter M
Starts With
Today's Top Quizzes in Just For Fun
Browse Just For Fun
hide this ad
Today's Top Quizzes in Word Ladder
Browse Word Ladder
Top Contributed Quizzes in Just For Fun
1
Name Just One - 10 to 1: Just For Fun
2
Missing Word: 2-Letter A-Z II
3
Missing Letter Whitney Houston Songs
4
Avatar the Last Airbender: Logic Puzzle
5
It's Magic / Witchcraft 🎩🪄🧙♀️
6
Survivor Winners Logic Puzzle
7
Missing Word: 'Of' Things A-Z
8
Killer Double Trees 224 - Colour Match-Up
9
Click the Differences: Playground
10
Missing Word: 'Of' Things A-Z II
Explore More
Trending Topics
Anime
Disney
Marvel
Harry Potter
Crossword
NBA
Kpop
The Office
WWE
NFL
Soccer
Song
Country
Pokémon
Puzzle
hide this ad
More By:
Chenchilla
Quiz
Plays
Rating
Category
Featured
Created
Find the Countries of Europe
4,365,921
4.76
Geography
Nov 5, 2015
Find the Countries of Africa
2,719,299
4.76
Geography
Nov 5, 2015
10 to 1: US Cities
292,734
4.58
Geography
Jun 14, 2016
10 to 1: US Cities II
206,002
4.55
Geography
Jun 15, 2016
Pixelated NFL Logos
204,436
4.49
Sports
May 13, 2016
Go to Creator's Profile
Score Distribution
Quiz Creator Spotlight
Chenchilla
Follow
Send a Message
Quizzes Created
-
Created Quiz Play Count
-
More By This Creator
Popular Quizzes Today
1
Colored Red Africa Blitz
2
Find the US States - No Outlines Minefield
3
Find the 'City' Movie
4
5x2 Blitz: Bands
5
The Countries of the World
6
Find the Countries of Europe - No Outlines Minefield
7
Find the US States
8
US States
More Just For Fun Quizzes
2 Words, 1 Answer: M
Published
Trending Quizzes
Colored Red Europe Blitz I
Colored Red Europe Blitz II
Colored Red Africa Blitz II
Colored Red Europe Blitz III
Colored Red Africa Blitz III
Recently Updated
How Do You Spell That?
pecheneg
Godzilla Movies
pecheneg
Grab Bag: 4-10 Letters
pecheneg
2024 March Madness Bracket
pecheneg
Famous TV Couples
Peacemaker
Champions League XIs: Real Madrid
pecheneg
Largest US Cities 1790-2010
pecheneg
Rides in Walt Disney World
pecheneg
Most Oscar Losses (Acting)
pecheneg
Beyoncé Albums
pecheneg
Trending Topics
Marvel
Kpop
Crossword
NBA
Anime
Harry Potter
Disney
Soccer
Pokémon
NFL
WWE
Song
The Office
Puzzle
Country
Your Account Isn't Verified!
In order to create a playlist on Sporcle, you need to verify the email address you used during registration. Go to your
Sporcle Settings
to finish the process.
Report this User
Report this user for behavior that violates our
Community Guidelines
.
Details:
Send Report
Go to the Sporcle.com Mobile Site →
Comments